[Event "13th Dubai open 2011"]
[Site "Dubai Chess club"]
[Date "2011.04.13"]
[Round "4"]
[Board "1"]
[White "Shiven, Khosla"]
[Black "Mehdi, Samer"]
[Result "0-1"]
[WhiteElo "2391"]
[BlackElo "2078"]
[PlyCount "140"]
[EventDate "2011.04.10"]
[EventRounds "9"]
[EventCountry "UAE"]

1.e4 Nf6 2.e5 Nd5 3.d4 d6 4.Nf3 dxe5 5.Nxe5 c6 6.Be2 Bf5 7.O-O Nd7 8.Nf3 e6
9.Re1 Be7 10.c3 O-O 11.Bf1 Qc7 12.Nbd2 h6 13.a3 b5 14.Ne4 Rfe8 15.h3 a5 16.a4
bxa4 17.Rxa4 c5 18.Bb5 Red8 19.Bxd7 Rxd7 20.Ne5 Rdd8 21.Qh5 Rf8 22.Nxc5 Nb6
23.Ra1 Bxc5 24.dxc5 Qxc5 25.Ng4 Nd7 26.Be3 Qd5 27.Red1 Bxg4 28.Qxg4 Nf6 29.Rxd5
Nxg4 30.Rdxa5 Rxa5 31.Rxa5 Nxe3 32.fxe3 Rb8 33.b4 Rc8 34.Ra3 Kf8 35.Kf2 Ke7
36.Ke2 f5 37.Ra7+ Kd6 38.Kd3 g5 39.c4 Rd8 40.Kd4 e5+ 41.Kc3 e4 42.Kd2 f4 43.Ke2
Rb8 44.Ra6+ Ke5 45.Ra5+ Ke6 46.Ra4 Kd6 47.Kd2 f3 48.gxf3 exf3 49.Ke1 h5 50.Kf2
g4 51.hxg4 hxg4 52.Ra6+ Ke5 53.Ra5+ Kf6 54.Rb5 Rc8 55.c5 Rh8 56.Rb6+ Kf5 57.Rb7
Rh2+ 58.Kg3 Rg2+ 59.Kh4 Rh2+ 60.Kg3 Rg2+ 61.Kh4 f2 62.Rf7+ Ke6 63.Rf8 Ke7 64.Rf4
g3 65.b5 Rg1 66.Kh3 f1=Q+ 67.Rxf1 Rxf1 68.Kxg3 Rc1 69.c6 Rb1 70.c7 Kd7

[Event "13th Dubai open 2011"]
[Site "Dubai Chess club"]
[Date "2011.04.13"]
[Round "4"]
[Board "1"]
[White "Schmidt, Jade"]
[Black "Pourkashiyan, Atousa"]
[Result "0-1"]
[WhiteElo "2077"]
[BlackElo "2371"]
[PlyCount "100"]
[EventDate "2011.04.10"]
[EventRounds "9"]
[EventCountry "UAE"]

1.d4 Nf6 2.c4 e6 3.Nc3 Bb4 4.Qc2 O-O 5.a3 Bxc3+ 6.Qxc3 b6 7.Bg5 Bb7 8.f3 h6
9.Bh4 d5 10.e3 Re8 11.cxd5 exd5 12.Bf2 c5 13.Bb5 Nbd7 14.Ne2 Rc8 15.Qd2 a6
16.Bd3 c4 17.Bf5 b5 18.O-O Ra8 19.Qb4 Qc7 20.Bg3 Qb6 21.Kf2 a5 22.Qd6 Qd8
23.Rfe1 Rc8 24.Bxd7 Nxd7 25.Qf4 Re6 26.Qf5 g6 27.Qc2 Qf6 28.Qd2 Rce8 29.Nc3 Bc6
30.Nd1 Qd8 31.Kg1 Qb6 32.Bf2 Nf6 33.Nc3 Qb7 34.Ne2 Ra8 35.Nf4 Ree8 36.Qc2 b4
37.axb4 axb4 38.Ne2 Rxa1 39.Rxa1 Ra8 40.Qb1 Ne8 41.Be1 Rxa1 42.Qxa1 c3 43.bxc3
b3 44.Qb2 Nd6 45.Nc1 Ba4 46.Nd3 Nc4 47.Qb1 b2 48.Nb4 Bb3 49.Bd2 Qa8 50.Bc1 Qa1

[Event "13th Dubai open 2011"]
[Site "Dubai Chess club"]
[Date "2011.04.14"]
[Round "5"]
[Board "1"]
[White "Mchedlishvili, Mikheil"]
[Black "Volkov, Sergey"]
[Result "1-0"]
[WhiteElo "2629"]
[BlackElo "2621"]
[PlyCount "103"]
[EventDate "2011.04.10"]
[EventRounds "9"]
[EventCountry "UAE"]

1.c4 e5 2.Nc3 Bb4 3.Nd5 Bc5 4.Nf3 c6 5.Nc3 d6 6.e3 Qe7 7.d4 exd4 8.Nxd4 Nf6
9.Be2 O-O 10.O-O Rd8 11.Na4 a6 12.Bd2 b5 13.Nxc5 dxc5 14.Nb3 Ne4 15.Qc1 Be6
16.Be1 Ra7 17.f3 Nd6 18.Ba5 Rc8 19.Bb6 Rb7 20.Bxc5 bxc4 21.Na5 Rb5 22.Bxd6 Qxd6
23.Nxc4 Bxc4 24.Bxc4 Rh5 25.g3 a5 26.Rd1 Qe7 27.Qd2 Re8 28.Rac1 Re5 29.Rc3 h5
30.Kg2 h4 31.e4 hxg3 32.hxg3 Rh5 33.Rd3 Qc5 34.b3 Rhe5 35.Rd8 Qe7 36.Rxe8+ Qxe8
37.Qd8 Re7 38.Qxa5 Nd7 39.a4 Qf8 40.Qg5 Ne5 41.Be2 Re8 42.f4 Ng6 43.Bc4 Nh8
44.e5 Qa3 45.Qh5 Qb2+ 46.Qe2 Qa3 47.Rd7 Qc5 48.Qd2 g5 49.Qd6 Qe3 50.Bxf7+ Nxf7
51.Qg6+ Kh8 52.Qf6+

[Event "13th Dubai open 2011"]
[Site "Dubai Chess club"]
[Date "2011.04.14"]
[Round "5"]
[Board "1"]
[White "Halkias, Stelios"]
[Black "Sasikiran, Krishnan"]
[Result "0-1"]
[WhiteElo "2579"]
[BlackElo "2682"]
[PlyCount "96"]
[EventDate "2011.04.10"]
[EventRounds "9"]
[EventCountry "UAE"]

1.Nf3 Nf6 2.c4 g6 3.Nc3 Bg7 4.g3 O-O 5.Bg2 d6 6.O-O e5 7.d3 Re8 8.Rb1 a5 9.a3 c6
10.e4 Na6 11.h3 Nc7 12.Be3 Ne6 13.Qd2 d5 14.cxd5 cxd5 15.exd5 Nxd5 16.Nxd5 Qxd5
17.Rfe1 Qd6 18.Bh6 Bh8 19.d4 exd4 20.Bf4 Qd8 21.Be5 Bxe5 22.Rxe5 Ra6 23.Rbe1 Rf8
24.Bf1 Rd6 25.Bc4 Qf6 26.Nh2 h5 27.Rxa5 Rfd8 28.Bd3 b6 29.Rae5 Nc5 30.g4 hxg4
31.hxg4 Re6 32.Rxe6 Nxe6 33.Nf1 Ng5 34.Nh2 Bb7 35.Qe2 Nh3+ 36.Kf1 Qh4 37.Qd2 Kg7
38.Be4 Ba6+ 39.Kg2 g5 40.Bf3 Nf4+ 41.Kg1 Nh3+ 42.Kg2 Nf4+ 43.Kg1 Bd3 44.Nf1 Bxf1
45.Rxf1 Qh3 46.Qd1 d3 47.b4 Rh8 48.Qa1+ f6

[Event "13th Dubai open 2011"]
[Site "Dubai Chess club"]
[Date "2011.04.14"]
[Round "5"]
[Board "1"]
[White "Shyam, Sundar M"]
[Black "Guseinov, Gadir"]
[Result "1/2-1/2"]
[WhiteElo "2457"]
[BlackElo "2584"]
[PlyCount "64"]
[EventDate "2011.04.10"]
[EventRounds "9"]
[EventCountry "UAE"]

1.e4 c5 2.Nc3 g6 3.d4 cxd4 4.Qxd4 Nf6 5.Nf3 Nc6 6.Qa4 d6 7.e5 dxe5 8.Nxe5 Bd7
9.Nxd7 Qxd7 10.Be3 Bg7 11.Rd1 Qc8 12.Be2 O-O 13.O-O a6 14.Qb3 b5 15.a4 Na5
16.Qb4 Nc6 17.Qb3 Na5 18.Qb4 Nc6 19.Qh4 b4 20.Ne4 Ne5 21.Nxf6+ Bxf6 22.Qe4 Qc6
23.Qxc6 Nxc6 24.b3 Rfc8 25.f4 Rc7 26.Rd2 e6 27.Bf3 Rb8 28.Rfd1 Ne7 29.Rd8+ Rxd8
30.Rxd8+ Kg7 31.Rd2 Bc3 32.Rd6 Bf6

[Event "13th Dubai open 2011"]
[Site "Dubai Chess club"]
[Date "2011.04.14"]
[Round "5"]
[Board "1"]
[White "Miroshnichenko, Evgenij"]
[Black "Anastasian, Ashot"]
[Result "1-0"]
[WhiteElo "2670"]
[BlackElo "2556"]
[PlyCount "69"]
[EventDate "2011.04.10"]
[EventRounds "9"]
[EventCountry "UAE"]

1.e4 e6 2.Qe2 d5 3.exd5 Qxd5 4.Nf3 c5 5.Nc3 Qd8 6.g3 Nc6 7.Bg2 Nf6 8.O-O Be7
9.Ne5 Nd4 10.Qd1 Qc7 11.Re1 Bd7 12.d3 Rd8 13.a4 O-O 14.Bf4 Bd6 15.Nxd7 Rxd7
16.Be3 a6 17.a5 Rfd8 18.Na4 Nc6 19.Bxc5 Bxc5 20.Nxc5 Re7 21.Nb3 Red7 22.Ra4 Nd5
23.Qd2 Nde7 24.Rc4 h6 25.Ra1 Qe5 26.Qc3 Qb8 27.Nc5 Rd6 28.Qb3 Rd4 29.Qxb7 Rxc4
30.dxc4 Qxb7 31.Nxb7 Rb8 32.Nc5 Rxb2 33.Nxa6 Rxc2 34.Bf1 Rb2 35.Nc7

[Event "13th Dubai open 2011"]
[Site "Dubai Chess club"]
[Date "2011.04.14"]
[Round "5"]
[Board "1"]
[White "Carlsson, Pontus"]
[Black "Andriasian, Zaven"]
[Result "1/2-1/2"]
[WhiteElo "2496"]
[BlackElo "2645"]
[PlyCount "56"]
[EventDate "2011.04.10"]
[EventRounds "9"]
[EventCountry "UAE"]

1.e4 c5 2.Nf3 d6 3.d4 cxd4 4.Nxd4 Nf6 5.Nc3 a6 6.Bg5 e6 7.f4 Qb6 8.Qd2 Qxb2
9.Rb1 Qa3 10.e5 h6 11.Bh4 dxe5 12.fxe5 Nd5 13.Nxd5 exd5 14.e6 Bxe6 15.Nxe6 fxe6
16.Be2 Be7 17.Bh5+ Kd8 18.Bxe7+ Qxe7 19.O-O b5 20.Rf7 Qc5+ 21.Kh1 Nd7 22.Rxg7
Rc8 23.Qa5+ Rc7 24.Qxa6 Qxc2 25.Qa8+ Rc8 26.Qa5+ Rc7 27.Qa8+ Rc8 28.Qa5+ Rc7

[Event "13th Dubai open 2011"]
[Site "Dubai Chess club"]
[Date "2011.04.14"]
[Round "5"]
[Board "1"]
[White "Lalith, Babu M R"]
[Black "Aleksandrov, Aleksej"]
[Result "0-1"]
[WhiteElo "2491"]
[BlackElo "2638"]
[PlyCount "66"]
[EventDate "2011.04.10"]
[EventRounds "9"]
[EventCountry "UAE"]

1.Nf3 Nf6 2.c4 e6 3.Nc3 d5 4.d4 Bb4 5.cxd5 exd5 6.Bg5 h6 7.Bh4 c5 8.e3 c4 9.Qc2
Nc6 10.Be2 g5 11.Bg3 Ne4 12.Nd2 Bf5 13.Qc1 Nxg3 14.hxg3 Rc8 15.a3 Ba5 16.Bf3 Be6
17.Qd1 Kf8 18.O-O Kg7 19.Rc1 a6 20.Na4 Rb8 21.Nc5 Bc8 22.b3 b6 23.Na4 b5 24.Nc5
g4 25.Be2 h5 26.Nb1 f5 27.bxc4 bxc4 28.Qa4 Rh6 29.Nc3 h4 30.Nxd5 Qxd5 31.Bxc4
Qd6 32.gxh4 g3 33.fxg3 Bd2

[Event "13th Dubai open 2011"]
[Site "Dubai Chess club"]
[Date "2011.04.14"]
[Round "5"]
[Board "1"]
[White "Petrosian, Davit G"]
[Black "Kuzubov, Yuriy"]
[Result "1/2-1/2"]
[WhiteElo "2480"]
[BlackElo "2627"]
[PlyCount "50"]
[EventDate "2011.04.10"]
[EventRounds "9"]
[EventCountry "UAE"]

1.e4 e6 2.d4 d5 3.Nc3 Nc6 4.Nf3 Nf6 5.e5 Ne4 6.Bb5 Bb4 7.O-O Bd7 8.Nxe4 dxe4
9.Ng5 Nxe5 10.Qe2 Ng6 11.Nxe4 O-O 12.Bd3 Bc6 13.c3 Be7 14.b4 a6 15.g3 e5 16.h4
exd4 17.cxd4 Re8 18.h5 Nf8 19.h6 Qd5 20.hxg7 Ne6 21.Bb2 Nxd4 22.Qe3 Nf5 23.Qf3
Nd4 24.Qe3 Nf5 25.Qf3 Nd4

[Event "13th Dubai open 2011"]
[Site "Dubai Chess club"]
[Date "2011.04.14"]
[Round "5"]
[Board "1"]
[White "Ashwin, Jayaram"]
[Black "Kazhgaleyev, Murtas"]
[Result "0-1"]
[WhiteElo "2439"]
[BlackElo "2618"]
[PlyCount "102"]
[EventDate "2011.04.10"]
[EventRounds "9"]
[EventCountry "UAE"]

1.d4 d5 2.c4 c6 3.Nf3 Nf6 4.Nc3 a6 5.g3 Bf5 6.Qb3 b5 7.cxd5 cxd5 8.Nh4 Be4 9.f3
Bg6 10.Bg5 Nc6 11.Bxf6 gxf6 12.Qxd5 Qb6 13.Nxg6 hxg6 14.f4 Rc8 15.e3 e5 16.Bg2
exd4 17.Qe4+ Be7 18.Nd5 Qa5+ 19.b4 Qd8 20.exd4 Kf8 21.O-O Nxb4 22.Nxe7 Qxe7
23.a3 Nc6 24.Rac1 Na7 25.Qf3 Kg7 26.d5 Rxc1 27.Rxc1 Nc8 28.Qc3 Nd6 29.Qd4 Nf5
30.Qc5 Qe2 31.Qf2 Qd3 32.Qf3 Qd2 33.Rd1 Qc2 34.Re1 Rc8 35.Bh3 Qd2 36.Qf2 Qxd5
37.Bxf5 Qxf5 38.Qb6 Rc2 39.Qe3 Qd5 40.Re2 Rxe2 41.Qxe2 Qc5+ 42.Qf2 Qxf2+ 43.Kxf2
Kf8 44.Ke3 Ke7 45.Ke4 Ke6 46.g4 g5 47.Kd4 Kd6 48.fxg5 fxg5 49.Ke4 a5 50.Kd4 f6
51.h3 Kc6

[Event "13th Dubai open 2011"]
[Site "Dubai Chess club"]
[Date "2011.04.14"]
[Round "5"]
[Board "1"]
[White "Gagunashvili, Merab"]
[Black "Kayumov, Dmitry D"]
[Result "0-1"]
[WhiteElo "2599"]
[BlackElo "2463"]
[PlyCount "66"]
[EventDate "2011.04.10"]
[EventRounds "9"]
[EventCountry "UAE"]

1.d4 d5 2.c4 e6 3.Nf3 Nf6 4.Nc3 Bb4 5.Qa4+ Nc6 6.e3 O-O 7.Bd2 dxc4 8.Bxc4 Bd6
9.e4 e5 10.dxe5 Nxe5 11.Nxe5 Bxe5 12.O-O-O c6 13.Qc2 Qd4 14.Ne2 Qxf2 15.Rhf1
Qxg2 16.Rg1 Qxe4 17.Bd3 Qh4 18.Rg5 Re8 19.Rdg1 Bg4 20.Qc4 h5 21.Bg6 Bxb2+
22.Kxb2 Rxe2 23.Qxf7+ Kh8 24.Bc2 Rg8 25.Rxg7 Rxg7 26.Qf8+ Ng8 27.Bc3 Qe7 28.Qf4
Qe3 29.Qf8 Qg5 30.Rf1 Qg6 31.Qxg7+ Qxg7 32.Rf7 Qxc3+ 33.Kxc3 Re7

[Event "13th Dubai open 2011"]
[Site "Dubai Chess club"]
[Date "2011.04.14"]
[Round "5"]
[Board "1"]
[White "Fedorov, Alexei"]
[Black "Anwesh, Upadhyaya"]
[Result "1-0"]
[WhiteElo "2596"]
[BlackElo "2432"]
[PlyCount "83"]
[EventDate "2011.04.10"]
[EventRounds "9"]
[EventCountry "UAE"]

1.e4 e5 2.Nf3 Nf6 3.d4 Nxe4 4.dxe5 d5 5.Nbd2 Nc6 6.Nxe4 dxe4 7.Qxd8+ Nxd8 8.Nd4
Bd7 9.Bc4 Bc5 10.Be3 Bxd4 11.Bxd4 Be6 12.Bb3 Nc6 13.Bc3 O-O-O 14.O-O b5 15.Bxe6+
fxe6 16.b4 Nd4 17.Bxd4 Rxd4 18.c3 Rc4 19.a4 bxa4 20.Rxa4 Kb7 21.Ra3 a6 22.Rd1 g5
23.Kf1 Rf8 24.Ke2 h5 25.h3 Rc6 26.Rd4 Rf4 27.c4 Rb6 28.c5 Rb5 29.Ke3 Rf8 30.Rxe4
a5 31.Rxa5 Rxa5 32.bxa5 Kc6 33.Ra4 Kxc5 34.a6 Kb6 35.a7 Kb7 36.a8=Q+ Rxa8
37.Rxa8 Kxa8 38.f4 gxf4+ 39.Kxf4 Kb7 40.g4 hxg4 41.hxg4 Kc8 42.Ke4

[Event "13th Dubai open 2011"]
[Site "Dubai Chess club"]
[Date "2011.04.14"]
[Round "5"]
[Board "1"]
[White "Swapnil, S  Dhopade"]
[Black "Gupta, Abhijeet"]
[Result "0-1"]
[WhiteElo "2411"]
[BlackElo "2580"]
[PlyCount "98"]
[EventDate "2011.04.10"]
[EventRounds "9"]
[EventCountry "UAE"]

1.d4 d5 2.Nf3 Nf6 3.c4 c6 4.e3 g6 5.Nc3 Bg7 6.h3 O-O 7.Bd3 a6 8.O-O dxc4 9.Bxc4
b5 10.Bd3 c5 11.dxc5 Nbd7 12.c6 Nc5 13.Bc2 Qb6 14.Bd2 Qxc6 15.Rc1 Bb7 16.b4 Nce4
17.Nd4 Qb6 18.Qe2 Nxc3 19.Bxc3 Nd5 20.Bb3 Rac8 21.Bd2 e6 22.Nf3 Nc3 23.Bxc3 Bxc3
24.a3 a5 25.bxa5 Qxa5 26.Qa2 Qa8 27.Ne1 b4 28.axb4 Qxa2 29.Bxa2 Ba6 30.Rb1 Rb8
31.Nc2 Bxf1 32.Kxf1 Rfd8 33.Bb3 Rd2 34.Ba4 Ra8 35.Bb3 Kf8 36.b5 Ra5 37.b6 Rb5
38.Na3 Rb4 39.Nc4 Rd5 40.Ke2 Rdb5 41.Kd3 Bf6 42.Kc2 Rc5 43.b7 Rxb7 44.Ba2 Ra7
45.Rb8+ Kg7 46.Bb3 Rd7 47.f3 h5 48.g3 Be5 49.Ra8 Bxg3

[Event "13th Dubai open 2011"]
[Site "Dubai Chess club"]
[Date "2011.04.14"]
[Round "5"]
[Board "1"]
[White "Mamedov, Nidjat"]
[Black "Laxman, R R"]
[Result "0-1"]
[WhiteElo "2580"]
[BlackElo "2462"]
[PlyCount "110"]
[EventDate "2011.04.10"]
[EventRounds "9"]
[EventCountry "UAE"]

1.e4 e5 2.Nf3 Nc6 3.Bb5 a6 4.Ba4 Nf6 5.O-O Be7 6.Re1 b5 7.Bb3 O-O 8.h3 d6 9.c3
h6 10.d4 Re8 11.Nbd2 Bf8 12.Nf1 Bd7 13.Ng3 Na5 14.Bc2 c5 15.b3 Nc6 16.Be3 exd4
17.cxd4 cxd4 18.Bxd4 Nxd4 19.Nxd4 Rc8 20.Re2 g6 21.b4 Qc7 22.Bb3 d5 23.exd5 Rxe2
24.Qxe2 Bxb4 25.Rd1 Qf4 26.Qd3 Rc1 27.Nge2 Rxd1+ 28.Qxd1 Qd6 29.Qd3 Kg7 30.Kf1
Qe5 31.g4 Bd6 32.Nf3 Qa1+ 33.Kg2 h5 34.Qd4 Qxd4 35.Nfxd4 hxg4 36.hxg4 Nxg4
37.Nc6 Ne5 38.Ned4 Kf6 39.Nxe5 Kxe5 40.Nc6+ Ke4 41.Nd8 Be8 42.Nb7 Bb4 43.Nd8 g5
44.f3+ Ke3 45.Bc2 Kd4 46.Nc6+ Kc3 47.Bf5 Bd6 48.Bc8 Bxc6 49.dxc6 a5 50.Bd7 b4
51.Be8 f5 52.Bd7 Kb2 53.Be6 a4 54.Kf2 g4 55.Bxf5 g3+

[Event "13th Dubai open 2011"]
[Site "Dubai Chess club"]
[Date "2011.04.14"]
[Round "5"]
[Board "1"]
[White "Schneider, Veronika"]
[Black "Ter-Sahakyan, Samvel"]
[Result "1-0"]
[WhiteElo "2247"]
[BlackElo "2575"]
[PlyCount "105"]
[EventDate "2011.04.10"]
[EventRounds "9"]
[EventCountry "UAE"]

1.e4 c5 2.c3 Nf6 3.e5 Nd5 4.Nf3 Nc6 5.d4 cxd4 6.cxd4 d6 7.Bc4 Nb6 8.Bb5 a6
9.Bxc6+ bxc6 10.Qc2 Qc7 11.O-O d5 12.Bf4 e6 13.Rc1 Bb7 14.Nbd2 a5 15.a4 Nd7
16.Nb3 h6 17.Bd2 Qb6 18.Ne1 Be7 19.Nd3 O-O 20.Qc3 Rfc8 21.Ndc5 Nxc5 22.dxc5 Qd8
23.Nxa5 d4 24.Qb3 Ba6 25.Qf3 Qd5 26.Qxd5 exd5 27.b4 Rab8 28.Nb3 d3 29.Re1 Bc4
30.Nc1 f6 31.e6 f5 32.Ra3 Bg5 33.f4 Bh4 34.g3 Bf6 35.Nxd3 Re8 36.Kf2 Bd4+ 37.Kf3
Bf6 38.h3 h5 39.g4 Bh4 40.Re5 fxg4+ 41.hxg4 Bf6 42.Re1 Bh4 43.Rh1 Bf6 44.f5 g6
45.Nf4 Bb2 46.Re3 hxg4+ 47.Kxg4 gxf5+ 48.Kxf5 Rf8+ 49.Kg4 Rb7 50.e7 Re8 51.Ng6
Kg7 52.Kf5 d4 53.Rg3

[Event "13th Dubai open 2011"]
[Site "Dubai Chess club"]
[Date "2011.04.14"]
[Round "5"]
[Board "1"]
[White "Minasian, Artashes"]
[Black "Mansour, Sameer"]
[Result "1/2-1/2"]
[WhiteElo "2558"]
[BlackElo "2301"]
[PlyCount "83"]
[EventDate "2011.04.10"]
[EventRounds "9"]
[EventCountry "UAE"]

1.e4 c5 2.Nf3 d6 3.c3 Nf6 4.Be2 Bg4 5.O-O e6 6.h3 Bh5 7.d4 cxd4 8.cxd4 d5 9.exd5
Nxd5 10.Qb3 Qb6 11.Nc3 Qxb3 12.axb3 Nc6 13.Nxd5 exd5 14.g4 Bg6 15.Bb5 f6 16.Bf4
Kd7 17.Rfc1 Bd6 18.Bxc6+ bxc6 19.Bxd6 Kxd6 20.Ra6 Rhc8 21.Rc3 Rc7 22.Nd2 Rb8
23.Ra4 Rb5 24.f4 Rcb7 25.f5 Bf7 26.Kf2 Rb4 27.Rxb4 Rxb4 28.Ke3 Rb7 29.Rc1 a5
30.Ra1 Rb5 31.Kd3 c5 32.dxc5+ Kxc5 33.Rc1+ Kd6 34.Rc8 h5 35.Ra8 hxg4 36.hxg4 Ke7
37.Ra7+ Kf8 38.Ra8+ Ke7 39.Ra7+ Kf8 40.Kc3 Rc5+ 41.Kd3 Rb5 42.Kc3

[Event "13th Dubai open 2011"]
[Site "Dubai Chess club"]
[Date "2011.04.14"]
[Round "5"]
[Board "1"]
[White "Simantsev, Mikhail"]
[Black "Narayanan, Srinath"]
[Result "1/2-1/2"]
[WhiteElo "2556"]
[BlackElo "2310"]
[PlyCount "88"]
[EventDate "2011.04.10"]
[EventRounds "9"]
[EventCountry "UAE"]

1.d4 Nf6 2.c4 e6 3.Nc3 Bb4 4.f3 d5 5.a3 Bxc3+ 6.bxc3 c5 7.cxd5 Nxd5 8.dxc5 Qa5
9.e4 Ne7 10.Be3 O-O 11.Qb3 Qc7 12.Bb5 Nec6 13.Ne2 Na5 14.Qb4 e5 15.O-O Na6
16.Bxa6 bxa6 17.Rfb1 Be6 18.c4 Rab8 19.Qc3 Nb7 20.Qc2 Nxc5 21.Nc3 Bxc4 22.Nd5
Bxd5 23.exd5 Ne6 24.Qxc7 Nxc7 25.Bc5 Rxb1+ 26.Rxb1 Ra8 27.d6 Ne6 28.Bb4 f6
29.Rc1 Rd8 30.Rc6 Kf7 31.Rxa6 Rd7 32.Kf2 Nf4 33.Bd2 Nd3+ 34.Ke2 Nc5 35.Rc6 Nb7
36.Bb4 a5 37.Bd2 Nxd6 38.Bxa5 Nb5 39.Rc5 Nd4+ 40.Kf2 Ke6 41.Bb4 Rb7 42.Ke3 h5
43.Kd3 Kf5 44.Kc4 Nc2

[Event "13th Dubai open 2011"]
[Site "Dubai Chess club"]
[Date "2011.04.14"]
[Round "5"]
[Board "1"]
[White "Surendran, N"]
[Black "Kotanjian, Tigran"]
[Result "0-1"]
[WhiteElo "2146"]
[BlackElo "2527"]
[PlyCount "154"]
[EventDate "2011.04.10"]
[EventRounds "9"]
[EventCountry "UAE"]

1.d4 d5 2.c4 e6 3.Nc3 Be7 4.Nf3 Nf6 5.Bg5 O-O 6.e3 h6 7.Bh4 b6 8.cxd5 Nxd5
9.Bxe7 Qxe7 10.Nxd5 exd5 11.Bd3 Be6 12.O-O c5 13.dxc5 bxc5 14.Rc1 Nd7 15.b3 a5
16.Bb5 Rfc8 17.Qd2 Nf6 18.Qb2 Qb7 19.a4 Bd7 20.Bxd7 Nxd7 21.Qc3 c4 22.Nd4 cxb3
23.Qxb3 Qxb3 24.Nxb3 Rc4 25.Rfd1 Nb6 26.Ra1 Rb4 27.Nc5 Rc8 28.Rac1 Nxa4 29.Nxa4
Rxc1 30.Rxc1 Rxa4 31.Rc8+ Kh7 32.g3 d4 33.exd4 Rxd4 34.Ra8 a4 35.Ra6 g5 36.h3 h5
37.Kg2 h4 38.Kf3 Rb4 39.Kg2 Kg7 40.Kf3 f6 41.Ra7+ Kg6 42.g4 Rb3+ 43.Kg2 a3
44.Kh2 Rb2 45.Rxa3 Rxf2+ 46.Kg1 Rd2 47.Ra7 Re2 48.Rb7 Re6 49.Kf2 f5 50.gxf5+
Kxf5 51.Rb5+ Kg6 52.Ra5 Rb6 53.Kg2 Rb2+ 54.Kg1 Kf6 55.Kh1 Re2 56.Kg1 Re5 57.Ra8
Re3 58.Kg2 Re2+ 59.Kf3 Rh2 60.Ra6+ Kf5 61.Ra5+ Kg6 62.Ra6+ Kh5 63.Ra8 Rxh3+
64.Kg2 Rg3+ 65.Kh2 Rc3 66.Ra4 Rc2+ 67.Kh1 h3 68.Rb4 g4 69.Rb3 Kh4 70.Rb4 Re2
71.Ra4 Kg3 72.Ra3+ Kh4 73.Ra8 Kg3 74.Rf8 Re4 75.Rf1 Kh4 76.Ra1 g3 77.Kg1 h2+

[Event "13th Dubai open 2011"]
[Site "Dubai Chess club"]
[Date "2011.04.14"]
[Round "5"]
[Board "1"]
[White "Guliev, Sarhan"]
[Black "Greeff, Melissa"]
[Result "1-0"]
[WhiteElo "2497"]
[BlackElo "2080"]
[PlyCount "85"]
[EventDate "2011.04.10"]
[EventRounds "9"]
[EventCountry "UAE"]

1.d4 Nf6 2.c4 e6 3.Nc3 Bb4 4.e3 c5 5.Nge2 b6 6.a3 Ba5 7.Bd2 O-O 8.d5 exd5 9.Nxd5
Nxd5 10.cxd5 Bxd2+ 11.Qxd2 d6 12.Ng3 a6 13.Be2 Nd7 14.O-O b5 15.b4 Bb7 16.e4 Qf6
17.Rac1 Rac8 18.Bg4 Rfd8 19.Bxd7 Rxd7 20.Rc3 cxb4 21.Rxc8+ Bxc8 22.Rc1 Qd8
23.Qc2 Bb7 24.axb4 a5 25.Nf5 axb4 26.Qb2 f6 27.Qxb4 Rc7 28.Rxc7 Qxc7 29.Qxb5
Qc1+ 30.Qf1 Qa3 31.Qb1 g6 32.Ne3 Ba6 33.h3 Bd3 34.Qb8+ Kf7 35.Qc7+ Kf8 36.Qc8+
Kg7 37.Qd7+ Kf8 38.Kh2 Bxe4 39.Qe6 Bd3 40.Qxf6+ Kg8 41.Ng4 h5 42.Nh6+ Kh7 43.Nf7

[Event "13th Dubai open 2011"]
[Site "Dubai Chess club"]
[Date "2011.04.14"]
[Round "5"]
[Board "1"]
[White "Arellano, Robert"]
[Black "Akopian, Vladimir"]
[Result "0-1"]
[WhiteElo "2060"]
[BlackElo "2675"]
[PlyCount "104"]
[EventDate "2011.04.10"]
[EventRounds "9"]
[EventCountry "UAE"]

1.d4 Nf6 2.e3 g6 3.f4 Bg7 4.Nf3 O-O 5.Be2 c5 6.O-O d5 7.c3 b6 8.b4 Ne4 9.a4 Bg4
10.Ba3 Nc6 11.Ra2 Nxc3 12.Nxc3 cxb4 13.Bb5 bxa3 14.Bxc6 Rc8 15.Nb5 Rxc6 16.Nxa7
Rc3 17.Re1 Bd7 18.Nb5 Bxb5 19.axb5 Qd6 20.Qa4 Rfc8 21.Ne5 e6 22.Nc6 Bf8 23.Kf2
Qc7 24.Rc2 Rxc2+ 25.Qxc2 Ra8 26.Ra1 Bd6 27.g3 Kg7 28.Ke2 f6 29.Qb3 Qf7 30.h4 h6
31.Ra2 g5 32.Kd2 gxh4 33.gxh4 Qh5 34.Nb4 Qxh4 35.Rxa3 Qf2+ 36.Kd3 Qf1+ 37.Kd2
Rxa3 38.Qxa3 Qxb5 39.Qa7+ Kg6 40.Na6 Qc6 41.Ke2 h5 42.Kf3 f5 43.Kg3 h4+ 44.Kxh4
Qc3 45.Qd7 Qe1+ 46.Kh3 Qxe3+ 47.Kg2 Qe2+ 48.Kg1 Bxf4 49.Qe8+ Kg5 50.Qg8+ Kh4
51.Qh7+ Kg3 52.Qg6+ Qg4

[Event "13th Dubai open 2011"]
[Site "Dubai Chess club"]
[Date "2011.04.14"]
[Round "5"]
[Board "1"]
[White "Ganguly, Surya Shekhar"]
[Black "Khukhashvili, Sopiko"]
[Result "1-0"]
[WhiteElo "2643"]
[BlackElo "2421"]
[PlyCount "59"]
[EventDate "2011.04.10"]
[EventRounds "9"]
[EventCountry "UAE"]

1.e4 d6 2.d4 Nf6 3.f3 e5 4.d5 Be7 5.Be3 c6 6.c4 O-O 7.Qd2 Nh5 8.Nc3 h6 9.O-O-O
a6 10.Nge2 b5 11.g4 Nf6 12.Ng3 b4 13.Na4 cxd5 14.exd5 e4 15.Nb6 exf3 16.h3 Bxg4
17.Nxa8 Nbd7 18.Qd4 Bh5 19.Nxh5 Nxh5 20.Nb6 Nc5 21.Qg4 Nf6 22.Qxf3 Qxb6 23.Rg1
Kh8 24.Kb1 Qc7 25.Be2 Nh7 26.Bd4 f6 27.Qf5 Rg8 28.Bg4 Ng5 29.Rde1 Nf7 30.Qg6

[Event "13th Dubai open 2011"]
[Site "Dubai Chess club"]
[Date "2011.04.14"]
[Round "5"]
[Board "1"]
[White "Zarkua, Davit"]
[Black "Berg, Emanuel"]
[Result "0-1"]
[WhiteElo "2397"]
[BlackElo "2612"]
[PlyCount "102"]
[EventDate "2011.04.10"]
[EventRounds "9"]
[EventCountry "UAE"]

1.d4 Nf6 2.Nf3 g6 3.g3 Bg7 4.Bg2 O-O 5.O-O d6 6.a4 a5 7.b3 Nc6 8.Bb2 Ne4 9.Nbd2
f5 10.e3 e5 11.d5 Nxd2 12.dxc6 Nxf3+ 13.Bxf3 b6 14.Bd5+ Kh8 15.f4 Qe7 16.Qd3 Be6
17.Bxe6 Qxe6 18.Rad1 Rae8 19.Rf2 exf4 20.Bxg7+ Kxg7 21.exf4 Re7 22.Qd4+ Qf6
23.Qxf6+ Kxf6 24.Rd3 Rfe8 25.Rfd2 Re2 26.Rxe2 Rxe2 27.c4 g5 28.Kf1 Re4 29.fxg5+
Kxg5 30.Kf2 h5 31.Kf3 h4 32.gxh4+ Rxh4 33.Kg3 f4+ 34.Kg2 Kf5 35.Rd1 Rg4+ 36.Kf3
Rh4 37.Kg2 Kg4 38.Rd4 Rh5 39.Rd3 f3+ 40.Kg1 Kf4 41.Rd4+ Ke3 42.Rg4 f2+ 43.Kf1
Rxh2 44.Rg3+ Kd4 45.Rg7 Kc5 46.Rxc7 Rh3 47.Rc8 Rxb3 48.c7 Kc6 49.Kxf2 Rb4 50.Ke3
Rxc4 51.Ra8 Kxc7

[Event "13th Dubai open 2011"]
[Site "Dubai Chess club"]
[Date "2011.04.14"]
[Round "5"]
[Board "1"]
[White "Hayrapetian, Ovik"]
[Black "Pantsulaia, Levan"]
[Result "0-1"]
[WhiteElo "2390"]
[BlackElo "2595"]
[PlyCount "98"]
[EventDate "2011.04.10"]
[EventRounds "9"]
[EventCountry "UAE"]

1.d4 Nf6 2.Nf3 c5 3.d5 b5 4.c4 e6 5.dxe6 fxe6 6.cxb5 d5 7.Bf4 Bd6 8.e3 O-O
9.Nbd2 Qe7 10.Bxd6 Qxd6 11.Bd3 Nbd7 12.b3 Bb7 13.Qe2 e5 14.e4 c4 15.bxc4 dxe4
16.Nxe4 Nxe4 17.Bxe4 Bxe4 18.Qxe4 Nf6 19.Qe2 Qb4+ 20.Nd2 Rad8 21.Rd1 Rd4 22.O-O
Qb2 23.Qxe5 Rxd2 24.Qe6+ Kh8 25.Rxd2 Qxd2 26.Qe7 Ra8 27.Qb7 Qd8 28.c5 Rb8 29.Qa6
Qd5 30.c6 Qc5 31.a4 Ne4 32.Qa5 Rf8 33.Qe1 Nc3 34.Qa1 h6 35.h3 Rf4 36.Qe1 Rxa4
37.Qe8+ Kh7 38.Kh1 Qxb5 39.Re1 Qc5 40.Re6 Qf5 41.Re1 Qxf2 42.Rc1 Qf4 43.Qe1 Nd5
44.Rc5 Nc7 45.Re5 Qf6 46.Qb1+ Qg6 47.Qb3 Qxc6 48.Re1 Ra5 49.Qd3+ Qg6

[Event "13th Dubai open 2011"]
[Site "Dubai Chess club"]
[Date "2011.04.14"]
[Round "5"]
[Board "1"]
[White "Arutinian, David"]
[Black "Zozulia, Anna"]
[Result "1-0"]
[WhiteElo "2575"]
[BlackElo "2369"]
[PlyCount "113"]
[EventDate "2011.04.10"]
[EventRounds "9"]
[EventCountry "UAE"]

1.d4 Nf6 2.c4 g6 3.Nf3 Bg7 4.g3 O-O 5.Bg2 d6 6.Nc3 c6 7.O-O Qa5 8.Nd2 e5 9.d5 a6
10.Rb1 Qc7 11.b3 Bf5 12.e4 Bd7 13.Bb2 b5 14.dxc6 Bxc6 15.Rc1 Qb6 16.cxb5 axb5
17.b4 Na6 18.a3 Nc7 19.Nb3 Rfd8 20.Na5 Bd7 21.Nd5 Ncxd5 22.exd5 Rac8 23.Nc6 Re8
24.a4 bxa4 25.Qxa4 e4 26.b5 Nxd5 27.Bxg7 Kxg7 28.Bxe4 Bxc6 29.bxc6 Qb4 30.Qa1+
Nf6 31.Bg2 Rc7 32.Rc2 Rb8 33.Rd1 Rb5 34.Ra2 Re5 35.Ra4 Qb6 36.Rxd6 Rce7 37.Rd1
Re2 38.Rf4 Rb2 39.Qc1 Ng4 40.Qc3+ f6 41.Qd4 Ne5 42.Qd6 Rf7 43.h4 Qc7 44.Qc5 Re7
45.Rb4 Rxb4 46.Qxb4 h5 47.Qb7 Nf7 48.Qb4 Ne5 49.Qc3 Qb6 50.Qc2 Rc7 51.Rc1 Qd4
52.Be4 f5 53.Bg2 Kf6 54.Rd1 Qb4 55.Qc1 Qa4 56.Rd6+ Ke7 57.Qc5